|
|
|
|
| LEADER |
00000nkmaa2200000 a 4500 |
| 001 |
vtls012017539 |
| 003 |
SK-MaSNL |
| 005 |
20260302094335.0 |
| 007 |
kh ao |
| 008 |
230802s1921 xx | ||00 k|slo |
| 035 |
|
|
|a urn:nbn:sk:snk-km00g306
|
| 035 |
|
|
|a urn:nbn:sk:snk-km45s9i
|
| 035 |
|
|
|a 826E4792-E90A-49C9-9E61-75A00FEA81AF
|
| 040 |
|
|
|a SNKLA
|b slo
|c SNKLA
|e AACR2
|
| 041 |
0 |
|
|a slo
|
| 245 |
0 |
0 |
|a [Valašťan-Dolinský, Ján]
|h grafika
|
| 260 |
|
|
|a [S.l.
|b s.n.]
|c [1921]
|
| 300 |
|
|
|a 1 fotografia
|b v hnedom tóne
|c 14 x 9 cm
|
| 520 |
2 |
|
|a Zobrazenie: Podobizeň hudobného skladateľa, pedagóga, zberateľa ľudových piesní Jána Valašťana-Dolinského asi z roku 1921 (15.2.1892 Békéscaba, Maďarsko - 2.3.1965 Nitra, urna uložená v Martine).
|
| 600 |
1 |
7 |
|a Valašťan-Dolinský, Ján,
|d 1892-1965
|2 SNKMA
|9 93397
|
| 655 |
|
7 |
|a portrétne fotografie
|2 SNKLA
|9 305796
|
| 852 |
|
|
|a Slovenská národná knižnica
|b Literárny archív
|
| 852 |
7 |
|
|a Slovenská národná knižnica
|b Literárny archív
|
| 958 |
|
|
|a ZO
|
| 958 |
|
|
|a BLA
|
| 999 |
|
|
|c 1212784
|d 1214714
|
| 952 |
|
|
|a SNKLA
|b SNKLA
|c SNKLA_DEP
|y NEVYP
|7 0
|p 17A1311812
|o snkSV 6/10
|i snkLA 2689/1966
|0 0
|1 0
|4 0
|d 2021-03-11
|f 1
|l 0
|r 2026-02-24 23:18:14
|w 2026-02-24
|